000 00693nam a2200217 a 4500
999 _c8956
_d8956
001 8956
003 BD-JhCC
005 20180306100317.0
008 180306s1987 ii a|||| ||a| 000 0 ben d
035 _a(BD-JhCC)8956
040 _aBD-JhCC
_dBD-JhCC
041 _aben
082 _a547
_bBAN 1987
100 _aবন্দোপাধ্যায়, শিবপ্রসাদ
245 _aজৈব রসায়ন /
_cশিবপ্রসাদ বন্দোপাধ্যায়,
260 _aকলিকাতা :
_bদি নিউ বুক স্টোল,
_c1987
300 _a251 p. :
_c22 cm.
650 _aOrganic Chemistry
942 _2ddc
_cBK